[Event "AI Cup Div 1 W"]
[Site "chess.com INT"]
[Date "2023.09.27"]
[Round "3.2"]
[White "Vachier-Lagrave, Maxime"]
[Black "Carlsen, Magnus"]
[Result "1/2-1/2"]
[WhiteTitle "GM"]
[BlackTitle "GM"]
[WhiteElo "2727"]
[BlackElo "2839"]
[WhiteFideId "623539"]
[BlackFideId "1503014"]
[EventDate "2023.09.25"]
[EventType "k.o."]

1. e4 c5 2. Nf3 d6 3. d4 cxd4 4. Nxd4 Nf6 5. Nc3 a6 6. Be3 e5 7. Nb3 Be6 8. f3
Nbd7 9. g4 Nb6 10. g5 Nfd7 11. Qd2 h6 12. O-O-O hxg5 13. Bxg5 Be7 14. Bxe7 Qxe7
15. Na5 Rb8 16. Qxd6 Qxd6 17. Rxd6 Ke7 18. Rd2 Nf6 19. Rg1 g6 20. Rg5 Nbd7 21.
Bc4 Rh3 22. Rg3 Rh4 23. b3 Bxc4 24. Nxc4 Rbh8 25. Rgg2 b5 26. Ne3 Nb6 27. a4
bxa4 28. bxa4 Rc8 29. Kb2 Rb8 30. Ka2 Rc8 31. Rd3 Rh3 32. a5 Nc4 33. Ncd5+ Nxd5
34. Nxd5+ Ke6 35. Rb3 Rc5 36. Rc3 Rh8 37. f4 Rb8 38. Rb3 Rxa5+ 39. Kb1 Rxb3+ 40.
cxb3 Nd6 41. b4 Ra3 42. fxe5 Nxe4 43. Kb2 Rf3 44. Nc7+ Kxe5 45. Nxa6 Kd4 46. Rg4
Rf2+ 47. Kb3 Rxh2 48. Nc5 Rh3+ 49. Ka4 f5 50. Ne6+ Kc4 51. Rxg6 Nc3+ 52. Ka5 Nd5
53. Ka6 Nxb4+ 54. Kb7 Rh7+ 55. Kc8 Kd5 56. Ng5 Ra7 57. Rb6 Nd3 58. Rb7 Rxb7 59.
Kxb7 f4 60. Kb6 Ne5 61. Kc7 Nf7 62. Nxf7 f3 63. Nh6 f2 64. Ng4 f1=R 65. Ne3+ Kc5
66. Nxf1 1/2-1/2

[Event "AI Cup Div 1 W"]
[Site "chess.com INT"]
[Date "2023.09.27"]
[Round "3.3"]
[White "Carlsen, Magnus"]
[Black "Vachier-Lagrave, Maxime"]
[Result "1-0"]
[WhiteTitle "GM"]
[BlackTitle "GM"]
[WhiteElo "2839"]
[BlackElo "2727"]
[WhiteFideId "1503014"]
[BlackFideId "623539"]
[EventDate "2023.09.25"]
[EventType "k.o."]

1. e4 c5 2. Nf3 d6 3. d4 cxd4 4. Nxd4 Nf6 5. Nc3 a6 6. Be3 Ng4 7. Bc1 Nf6 8. f3
e6 9. Be3 b5 10. Qd2 Nbd7 11. g4 b4 12. Na4 h6 13. O-O-O Ne5 14. b3 Bd7 15. Nb2
d5 16. Bf4 Nxf3 17. Nxf3 Nxe4 18. Qd4 Rg8 19. Ne5 Bc5 20. Qxe4 dxe4 21. Nxd7
Qxd7 22. Rxd7 Kxd7 23. Nc4 g5 24. Be5 Ke7 25. h4 Rad8 26. hxg5 Rxg5 27. Be2 Rg6
28. Bf4 Bd4 29. Ne5 Bxe5 30. Bxe5 f5 31. gxf5 exf5 32. Bf4 a5 33. Bxh6 Rg2 34.
Bf1 Rg6 35. Be3 Kf6 36. Bc4 Ke5 37. Rh7 f4 38. Rh5+ Kf6 39. Bb6 Rd7 40. Bxa5
Rg1+ 41. Kb2 f3 42. Bxb4 f2 43. Bc3+ Kg6 44. Re5 Re1 45. Re6+ Kg5 46. Rf6 e3 47.
Rf8 Rc7 48. Bd4 Rxc4 49. Bxe3+ Rxe3 50. bxc4 1-0

[Event "AI Cup Div 1 W"]
[Site "chess.com INT"]
[Date "2023.09.27"]
[Round "3.4"]
[White "Vachier-Lagrave, Maxime"]
[Black "Carlsen, Magnus"]
[Result "1-0"]
[WhiteTitle "GM"]
[BlackTitle "GM"]
[WhiteElo "2727"]
[BlackElo "2839"]
[WhiteFideId "623539"]
[BlackFideId "1503014"]
[EventDate "2023.09.25"]
[EventType "k.o."]

1. e4 c5 2. Nf3 e6 3. d4 cxd4 4. Nxd4 Nf6 5. Nc3 Nc6 6. Nxc6 bxc6 7. e5 Nd5 8.
Ne4 Bb7 9. Nd6+ Bxd6 10. exd6 c5 11. c4 Nb4 12. a3 Nc6 13. Be3 Qf6 14. Qd2 Rb8
15. Bxc5 Ba8 16. Bb4 Qe5+ 17. Be2 Nxb4 18. axb4 Bxg2 19. Ra5 Qe4 20. Rg1 Bf3 21.
Rxg7 Bxe2 22. Qxe2 Qb1+ 23. Qd1 Qxb2 24. Rag5 Qxb4+ 25. Kf1 Qxc4+ 26. Kg1 Rf8
27. Rxf7 Qe4 28. Rgg7 Rxf7 29. Rg8+ Rf8 30. Qh5+ Qg6+ 31. Rxg6 hxg6 32. Qxg6+
Kd8 33. Qg5+ Kc8 34. Qc5+ Kb7 35. Qb5+ Kc8 36. Qc4+ Kb7 37. Qc7+ Ka6 38. Qxd7
Rfd8 39. Qxe6 Kb6 40. Qe7 a5 41. Qc7+ Kb5 42. Kf1 a4 43. Ke2 a3 44. Kd3 Ra8 45.
Kd4 a2 46. Qb7+ Ka4 47. Qb2 Rxd6+ 48. Kc5 Rb6 49. Qxa2# 1-0

[Event "AI Cup Div 1 W"]
[Site "chess.com INT"]
[Date "2023.09.27"]
[Round "3.5"]
[White "Vachier-Lagrave, Maxime"]
[Black "Carlsen, Magnus"]
[Result "1/2-1/2"]
[WhiteTitle "GM"]
[BlackTitle "GM"]
[WhiteElo "2727"]
[BlackElo "2839"]
[WhiteFideId "623539"]
[BlackFideId "1503014"]
[EventDate "2023.09.25"]
[EventType "k.o."]

1. e4 c6 2. d4 d5 3. e5 Bf5 4. h4 h5 5. c4 e6 6. Nc3 Ne7 7. Bg5 Qb6 8. Qb3 Nd7
9. Nf3 Bg4 10. cxd5 exd5 11. O-O-O Qxb3 12. axb3 Nf5 13. Be2 Be7 14. g3 f6 15.
exf6 gxf6 16. Bf4 Nf8 17. Ng1 Bxe2 18. Ncxe2 Ne6 19. Nf3 Kf7 20. Bd2 a5 21. Kc2
a4 22. Ra1 axb3+ 23. Kxb3 c5 24. dxc5 Nxc5+ 25. Kc2 Ne4 26. Rxa8 Rxa8 27. Be3
Rc8+ 28. Kb1 Nxe3 29. fxe3 Bd6 30. Rd1 Rc5 31. Nf4 Bxf4 32. gxf4 Nd6 33. Nd4 Rc8
34. Rd3 Rg8 35. Rc3 Rg4 36. Rc5 Rxh4 37. Rxd5 Nc4 38. Rd7+ Ke8 39. Rxb7 Nxe3 40.
Ne6 Rh2 41. Ka2 h4 42. Rh7 Nd1 43. Kb3 Rxb2+ 44. Kc4 Ne3+ 45. Kd4 Nf5+ 46. Ke4
Nd6+ 47. Kd5 Rd2+ 48. Kc6 Nf5 49. Nc7+ Kf8 50. Nd5 h3 51. Rxh3 Ne7+ 52. Nxe7
Kxe7 53. f5 Rc2+ 54. Kd5 1/2-1/2

[Event "AI Cup Div 1 W"]
[Site "chess.com INT"]
[Date "2023.09.29"]
[Round "4.1"]
[White "Carlsen, Magnus"]
[Black "Vachier-Lagrave, Maxime"]
[Result "0-1"]
[WhiteTitle "GM"]
[BlackTitle "GM"]
[WhiteElo "2839"]
[BlackElo "2727"]
[WhiteFideId "1503014"]
[BlackFideId "623539"]
[EventDate "2023.09.25"]
[EventType "k.o."]

1. d4 d5 2. c4 dxc4 3. e3 Nf6 4. Bxc4 e6 5. Nf3 a6 6. O-O c5 7. a4 Nc6 8. Qe2
cxd4 9. Rd1 Be7 10. exd4 O-O 11. Nc3 Nb4 12. Ne5 b6 13. Ne4 Bb7 14. Nxf6+ Bxf6
15. Ra3 b5 16. axb5 axb5 17. Bxb5 Qd5 18. Nf3 Rfc8 19. Rxa8 Bxa8 20. Bd2 Rc2 21.
Qf1 Qd6 22. Rc1 Be4 23. Ba4 Rxc1 24. Qxc1 Nc6 25. Bf4 Qd5 26. Bxc6 Qxc6 27. Qxc6
Bxc6 28. Bd6 Bxf3 29. gxf3 Bxd4 30. b4 f6 31. f4 Kf7 32. Kg2 Ke8 33. b5 Kd7 34.
Bb4 Kc7 35. Ba5+ Kd6 36. Kf3 Kc5 37. Ke4 Bxf2 38. f5 exf5+ 39. Kxf5 Kxb5 40. Bc3
Bh4 41. Ke6 Kc4 42. Ba5 Kd3 43. Kf7 f5 44. Kxg7 f4 45. Kxh7 f3 46. Bb6 Bg5 47.
Bf2 Ke2 48. Bg3 Bf4 49. Bh4 Bd2 0-1

[Event "AI Cup Div 1 W"]
[Site "chess.com INT"]
[Date "2023.09.29"]
[Round "4.2"]
[White "Vachier-Lagrave, Maxime"]
[Black "Carlsen, Magnus"]
[Result "1/2-1/2"]
[WhiteTitle "GM"]
[BlackTitle "GM"]
[WhiteElo "2727"]
[BlackElo "2839"]
[WhiteFideId "623539"]
[BlackFideId "1503014"]
[EventDate "2023.09.25"]
[EventType "k.o."]

1. e4 e5 2. Nf3 Nc6 3. Bb5 Nf6 4. O-O Nxe4 5. Re1 Nd6 6. Nxe5 Be7 7. Bf1 Nf5 8.
Nf3 d5 9. d4 O-O 10. h3 h6 11. c3 Re8 12. Bd3 Bd6 13. Rxe8+ Qxe8 14. Qc2 Qe6 15.
Nbd2 Qf6 16. Nf1 Nfe7 17. N1h2 Bf5 18. Ng4 Qg6 19. Bxf5 Qxf5 20. Qxf5 Nxf5 21.
Bd2 f6 22. Kf1 Kf7 23. Ke2 Nce7 24. Ne3 Nxe3 25. Kxe3 g5 26. Kd3 h5 27. Rh1 Nf5
28. Ne1 c6 29. Nc2 Nh4 30. g3 Nf5 31. Ne3 Kg6 32. Nxf5 Kxf5 33. Re1 Rh8 34. b3
b5 35. a4 bxa4 36. bxa4 Rb8 37. g4+ hxg4 38. hxg4+ Kxg4 39. Re6 Bf4 40. Rxf6 Rb6
41. a5 Ra6 42. Bxf4 gxf4 43. Ke2 Rxa5 44. Rg6+ Kf5 45. Rxc6 Ra2+ 46. Kf3 Rd2 47.
Rd6 Rd3+ 48. Ke2 Rxc3 49. f3 Re3+ 50. Kf2 Ra3 51. Rxd5+ Ke6 52. Re5+ Kd6 53. Rf5
Ra2+ 54. Ke1 a5 55. Kd1 a4 56. Kc1 1/2-1/2

[Event "AI Cup Div 1 W"]
[Site "chess.com INT"]
[Date "2023.09.29"]
[Round "4.3"]
[White "Carlsen, Magnus"]
[Black "Vachier-Lagrave, Maxime"]
[Result "1/2-1/2"]
[WhiteTitle "GM"]
[BlackTitle "GM"]
[WhiteElo "2839"]
[BlackElo "2727"]
[WhiteFideId "1503014"]
[BlackFideId "623539"]
[EventDate "2023.09.25"]
[EventType "k.o."]

1. d4 d5 2. c4 dxc4 3. e4 e5 4. Nf3 Bb4+ 5. Nc3 Nf6 6. Nxe5 b5 7. f3 O-O 8. a3
Ba5 9. Be3 Nfd7 10. Nxd7 Nxd7 11. Be2 a6 12. O-O Bb7 13. a4 c6 14. e5 Re8 15. f4
f5 16. d5 Bxc3 17. bxc3 cxd5 18. Qc2 g6 19. g4 d4 20. Bxd4 Nc5 21. axb5 axb5 22.
Rxa8 Bxa8 23. gxf5 Nd3 24. f6 Qd7 25. Qd1 b4 26. Bg4 Qd5 27. Bf3 Qd7 28. Bxa8
Rxa8 29. Qf3 Re8 30. f5 gxf5 31. Qxf5 Qxf5 32. Rxf5 Kf7 33. cxb4 Nxb4 34. Kf2
Rc8 35. Rg5 Ke6 36. Rg7 Nd5 37. Ra7 c3 38. Ra6+ Kf5 39. f7 c2 40. Bb2 Rf8 41. e6
Nc7 42. Rc6 Nxe6 43. Rxc2 Rxf7 1/2-1/2

[Event "AI Cup Div 1 W"]
[Site "chess.com INT"]
[Date "2023.09.29"]
[Round "4.4"]
[White "Vachier-Lagrave, Maxime"]
[Black "Carlsen, Magnus"]
[Result "1/2-1/2"]
[WhiteTitle "GM"]
[BlackTitle "GM"]
[WhiteElo "2727"]
[BlackElo "2839"]
[WhiteFideId "623539"]
[BlackFideId "1503014"]
[EventDate "2023.09.25"]
[EventType "k.o."]

1. e4 c6 2. d4 d5 3. e5 Bf5 4. Nf3 e6 5. Be2 a5 6. O-O a4 7. c4 dxc4 8. Bxc4 Nd7
9. Nc3 Nb6 10. Be2 Ne7 11. Nh4 h6 12. Nxf5 Nxf5 13. Be3 a3 14. Rb1 Be7 15. Bd3
Nxe3 16. fxe3 O-O 17. Bc2 Bg5 18. Qd3 g6 19. g3 axb2 20. h4 Bxh4 21. gxh4 Qxh4
22. Rxb2 Qg3+ 23. Kh1 Qh3+ 24. Kg1 Rxa2 25. Rxa2 Qg3+ 26. Kh1 Qh3+ 27. Kg1 Qg3+
28. Kh1 Qh3+ 29. Kg1 1/2-1/2

[Event "AI Cup Div 1 W"]
[Site "chess.com INT"]
[Date "2023.09.29"]
[Round "5.1"]
[White "Carlsen, Magnus"]
[Black "Vachier-Lagrave, Maxime"]
[Result "0-1"]
[WhiteTitle "GM"]
[BlackTitle "GM"]
[WhiteElo "2839"]
[BlackElo "2727"]
[WhiteFideId "1503014"]
[BlackFideId "623539"]
[EventDate "2023.09.25"]
[EventType "k.o."]

1. d4 d5 2. c4 dxc4 3. e4 e5 4. Nf3 Bb4+ 5. Nc3 Nf6 6. Nxe5 b5 7. f3 O-O 8. a3
Ba5 9. Be3 c5 10. dxc5 Qe8 11. Qd6 Be6 12. O-O-O Qc8 13. Nxb5 a6 14. Nd4 Bc7 15.
Nxe6 Bxd6 16. Rxd6 fxe6 17. Bxc4 Re8 18. c6 Re7 19. Bb6 Nbd7 20. cxd7 Nxd7 21.
Nc6 Re8 22. Be3 Qc7 23. Rhd1 Nf8 24. Kb1 Kh8 25. h4 h6 26. g4 Qf7 27. Ne5 Qf6
28. Bd4 Qxh4 29. Bxe6 Qh2 30. Bd5 Kh7 31. g5 Rac8 32. Rc6 Rxc6 33. Nxc6 hxg5 34.
Bf7 Rc8 35. Be5 Qg2 36. Nd4 g4 37. fxg4 Qxe4+ 38. Ka2 Rd8 39. Rf1 Qg2 40. Rf5 g6
41. Rf6 Qxg4 42. Nf3 Rd3 43. Bd5 Rxd5 44. Rf7+ Kh6 45. Bg7+ Kh5 46. Rxf8 Qc4+
47. b3 Qe2+ 48. Bb2 Kg4 49. a4 Qxf3 50. Rxf3 Kxf3 51. b4 g5 52. Kb3 g4 53. Kc4
Ke4 54. b5 axb5+ 55. axb5 g3 56. b6 g2 57. b7 Rd8 0-1

[Event "AI Cup Div 1 W"]
[Site "chess.com INT"]
[Date "2023.09.29"]
[Round "5.2"]
[White "Vachier-Lagrave, Maxime"]
[Black "Carlsen, Magnus"]
[Result "1-0"]
[WhiteTitle "GM"]
[BlackTitle "GM"]
[WhiteElo "2727"]
[BlackElo "2839"]
[WhiteFideId "623539"]
[BlackFideId "1503014"]
[EventDate "2023.09.25"]
[EventType "k.o."]

1. e4 c5 2. Nf3 e6 3. d4 cxd4 4. Nxd4 a6 5. c4 Nf6 6. Nc3 Qc7 7. a3 b6 8. Bd3
Bb7 9. O-O Bd6 10. f4 Bc5 11. Be3 Nc6 12. Nc2 d6 13. Qd2 O-O 14. Rae1 Ng4 15.
Bxc5 dxc5 16. e5 Rad8 17. Qe2 Nh6 18. Rd1 Nd4 19. Nxd4 cxd4 20. Ne4 Nf5 21. Rf3
Bxe4 22. Bxe4 Ne3 23. Bxh7+ Kxh7 24. Rh3+ Kg8 25. Qh5 f5 26. Qh7+ Kf7 27. Rh6
Qxc4 28. Rf6+ Ke8 29. Qxg7 1-0